Arab-Islamic Philosophy : (Record no. 17402)
[ view plain ]
| 000 -LEADER | |
|---|---|
| fixed length control field | 00969cam a2200253 a 4500 |
| 001 - CONTROL NUMBER | |
| control field | 11889583 |
| 005 - DATE AND TIME OF LATEST TRANSACTION | |
| control field | 20130326130741.0 |
| 008 - FIXED-LENGTH DATA ELEMENTS--GENERAL INFORMATION | |
| fixed length control field | 000113s1999 txu b 000 0 eng d |
| 010 ## - LIBRARY OF CONGRESS CONTROL NUMBER | |
| LC control number | 99070635 |
| 020 ## - INTERNATIONAL STANDARD BOOK NUMBER | |
| International Standard Book Number | 0292704801 |
| 020 ## - INTERNATIONAL STANDARD BOOK NUMBER | |
| International Standard Book Number | 9780292704800 |
| 082 ## - DEWEY DECIMAL CLASSIFICATION NUMBER | |
| Classification number | 181.92 |
| Edition number | 22 |
| Item number | JAB |
| 100 1# - MAIN ENTRY--PERSONAL NAME | |
| Personal name | Jabiri, Muhammad Abid. |
| 9 (RLIN) | 32975 |
| 240 10 - UNIFORM TITLE | |
| Uniform title | <a href="Essays.">Essays.</a> |
| Language of a work | English. |
| Form subheading | Selections |
| 245 10 - TITLE STATEMENT | |
| Title | Arab-Islamic Philosophy : |
| Remainder of title | a Contemporary Critique / |
| Statement of responsibility, etc | by Mohammed Abed al-Jabri ; translated from the French by Aziz Abbassi. |
| 260 ## - PUBLICATION, DISTRIBUTION, ETC. (IMPRINT) | |
| Place of publication, distribution, etc | Austin : |
| Name of publisher, distributor, etc | Center for Middle Eastern Studies, University of Texas at Austin, |
| Date of publication, distribution, etc | c1999. |
| 300 ## - PHYSICAL DESCRIPTION | |
| Extent | xxi, 130 p. ; |
| Dimensions | 22 cm. |
| 440 #0 - | |
| -- | Middle East monograph series ; |
| -- | no. 12 |
| -- | 32976 |
| 546 ## - LANGUAGE NOTE | |
| Language note | Published in French as: Introduction �a la critique de la raison arabe. Originally written in Arabic. |
| 650 #0 - SUBJECT ADDED ENTRY--TOPICAL TERM | |
| Topical term or geographic name as entry element | Philosophy, Arab. |
| 9 (RLIN) | 32977 |
| 650 #0 - SUBJECT ADDED ENTRY--TOPICAL TERM | |
| Topical term or geographic name as entry element | Islamic philosophy. |
| 9 (RLIN) | 32978 |
| 653 ## - INDEX TERM--UNCONTROLLED | |
| Resource For college | |
| Arrived date list | March2013 |
| 942 ## - ADDED ENTRY ELEMENTS (KOHA) | |
| Source of classification or shelving scheme | Dewey Decimal Classification |
| Item type | Book - Borrowing |
| Withdrawn status | Item status | Source of classification or shelving scheme | Damaged status | Not for loan | Vendor | Home library | Current library | Shelving location | Date acquired | Source of acquisition | Total Checkouts | Full call number | Barcode | Date last seen | Koha item type |
|---|---|---|---|---|---|---|---|---|---|---|---|---|---|---|---|
| Dewey Decimal Classification | Baccah | Central Library | Central Library | Lower Floor | 26/03/2013 | 181.92 JAB | 000028630 | 15/07/2025 | Book - Borrowing |